000 00414 a2200133 4500
245 _acollected works of St. Teresa of Avila
_hprint
020 _a0960087621 :
650 _aTHE WAY OF PERFECTION
005 20191021095714.0
260 _adcu
_bInstitute of Carmelite Studies
_c1976-
084 _aBX890 .T353 1976
300 _av.
_b 22 cm.
_cv. ; 22 cm.
500 _atranslated by Kieran Kavanaugh and Otilio Rodriguez.
999 _c12572
_d12572